Where is the City on the Country Map? - Multiple Choice #1 - Statistics

General Stats
  • This quiz has been taken 1,015 times
    1,013 since last reset
  • The average score is 11 of 15
Answer Stats
Question Answer % Correct
Cape Town, South Africa
95%
Naples, Italy
91%
Munich, Germany
89%
Montreal, Canada
82%
Porto, Portugal
80%
Liverpool, United Kingdom
78%
Brisbane, Australia
78%
Chennai, India
75%
Sao Paulo, Brazil
73%
Guangzhou, China
73%
Zurich, Switzerland
61%
Auckland, New Zealand
60%
Guadalajara, Mexico
56%
Dnipro, Ukraine
49%
Lahore, Pakistan
41%
No matching quizzes found
Score Distribution
Percent of People with Each Score
Percentile by Number Answered
Your Score History
You have not taken this quiz since the last reset